Angličtina pre ekonomické odbory : odborné texty a korešpondencia /

Saved in:
Bibliographic Details
Main Authors: Pytelka, Josef, 1920- (Author), Gavlasová, Milena (Author)
Format: Book
Language:Slovak
Published: Bratislava : Slovenské pedagogické nakladateľstvo, 1987
Edition:1. vyd.
ISBN: (brož.)
Physical Description: 115 s.
Tags: Add Tag
No Tags, Be the first to tag this record!

MARC

LEADER 00000nam a2200000 a 4500
001 000204635
005 20061204141330.0
008 060420s1987 xo e 000 0 sloo
020 |a (brož.) 
040 |a SVKKK  |b slo  |c SVKKK  |e AACR2 
041 0 |a slo 
044 |a xo  |c SK 
100 1 |a Pytelka, Josef,  |d 1920-  |4 aut 
245 1 0 |a Angličtina pre ekonomické odbory :  |b odborné texty a korešpondencia /  |c Josef Pytelka, Milena Gavlasová 
250 |a 1. vyd. 
260 |a Bratislava :  |b Slovenské pedagogické nakladateľstvo,  |c 1987 
300 |a 115 s. 
700 1 |a Gavlasová, Milena  |4 aut 
910 |a svkkk 
998 |a BK 
090 |g SCKHL  |k Sklad Pribinova 2. posch.  |a II.322584  |j 756117  |i B99152  |s Absenčne 
090 |g SCKHL  |k Sklad Pribinova 2. posch.  |a II.324758  |j 768803  |i 204635-10  |s Absenčne